<?xml version="1.0" encoding="UTF-8"?><?xml-stylesheet type="text/xsl" href="static/style.xsl"?><OAI-PMH xmlns="http://www.openarchives.org/OAI/2.0/" xmlns:xsi="http://www.w3.org/2001/XMLSchema-instance" xsi:schemaLocation="http://www.openarchives.org/OAI/2.0/ http://www.openarchives.org/OAI/2.0/OAI-PMH.xsd"><responseDate>2026-04-28T01:57:57Z</responseDate><request verb="GetRecord" identifier="oai:uvadoc.uva.es:10324/17088" metadataPrefix="marc">https://uvadoc.uva.es/oai/request</request><GetRecord><record><header><identifier>oai:uvadoc.uva.es:10324/17088</identifier><datestamp>2025-03-07T13:04:13Z</datestamp><setSpec>com_10324_150</setSpec><setSpec>col_10324_16781</setSpec></header><metadata><record xmlns="http://www.loc.gov/MARC21/slim" xmlns:doc="http://www.lyncode.com/xoai" xmlns:xsi="http://www.w3.org/2001/XMLSchema-instance" xmlns:dcterms="http://purl.org/dc/terms/" xsi:schemaLocation="http://www.loc.gov/MARC21/slim http://www.loc.gov/standards/marcxml/schema/MARC21slim.xsd">
<leader>00925njm 22002777a 4500</leader>
<datafield tag="042" ind1=" " ind2=" ">
<subfield code="a">dc</subfield>
</datafield>
<datafield tag="720" ind1=" " ind2=" ">
<subfield code="a">Petrus, de Abano (ca. 1250-ca. 1315)</subfield>
<subfield code="e">author</subfield>
</datafield>
<datafield tag="260" ind1=" " ind2=" ">
<subfield code="c">1483</subfield>
</datafield>
<datafield tag="024" ind2=" " ind1="8">
<subfield code="a">IBE, 4490</subfield>
</datafield>
<datafield tag="024" ind2=" " ind1="8">
<subfield code="a">Rivera Manescau, 22</subfield>
</datafield>
<datafield tag="024" ind2=" " ind1="8">
<subfield code="a">IGI, 7598 (+Supl.)</subfield>
</datafield>
<datafield tag="024" ind2=" " ind1="8">
<subfield code="a">H.C., 6</subfield>
</datafield>
<datafield tag="024" ind2=" " ind1="8">
<subfield code="a">ISTC, ip0043000</subfield>
</datafield>
<datafield tag="024" ind2=" " ind1="8">
<subfield code="a">CCPB000111725-4</subfield>
</datafield>
<datafield tag="024" ind2=" " ind1="8">
<subfield code="a">http://uvadoc.uva.es/handle/10324/17088</subfield>
</datafield>
<datafield tag="024" ind2=" " ind1="8">
<subfield code="a">b1424321</subfield>
</datafield>
<datafield tag="024" ind2=" " ind1="8">
<subfield code="a">U/Bc IyR 022</subfield>
</datafield>
<datafield ind1=" " ind2=" " tag="653">
<subfield code="a">Medicina</subfield>
</datafield>
<datafield ind1=" " ind2=" " tag="653">
<subfield code="a">Filosofia</subfield>
</datafield>
<datafield tag="245" ind1="0" ind2="0">
<subfield code="a">Conciliator differentiaru[m] philosophoru[m] et precipue medico[rum] / clarissimi viri Petri de Abano Patavini ...</subfield>
</datafield>
</record></metadata></record></GetRecord></OAI-PMH>